Metaphors of Love in English Songs / Metaphors

Sparad:
Bibliografiska uppgifter
Huvudupphovsman: Phạm Thị Lê Vân
Materialtyp: Okänd
Språk:English
Publicerad: 2006.
Ämnen:
Taggar: Lägg till en tagg
Inga taggar, Lägg till första taggen!
Thư viện lưu trữ: Mạng thư viện Đại học Đà Nẵng
LEADER 01086na a2200313 4500
001 000031116
003 5465
005 20230308091806.0
008 151001s2006 000 eng
040 |a LNN 
041 |a eng 
082 |a 420.4  |b PH-V  |2 Metaphors 
100 |a Phạm Thị Lê Vân 
245 0 |a Metaphors of Love in English Songs /  |c Phạm Thị Lê Vân  |n Metaphors 
260 |c 2006. 
300 |a 71tr. : mh ; 30cm. 
650 |a Metaphors of Love in English Songs, Metaphors, 2006, 71TR 
852 |b P.Doc  |c Luận văn sinh viên 
OWN |a LNN 
AVA |a UDN50  |b LNN  |c English  |d 420.4 PH-V  |e available  |t Error 5001 Not defined in file expand_doc_bib_avail.  |f 1  |g 0  |h N  |i 0  |j AN  |k 1 
999 |a From the UDN01 
AVA |a UDN50  |b LNN  |c English  |d 420.4 PH-V  |e available  |t Error 5001 Not defined in file expand_doc_bib_avail.  |f 1  |g 0  |h N  |i 0  |j AN  |k 1 
TYP |a Printed language 
980 |a Mạng thư viện Đại học Đà Nẵng